Individual in society : (Record no. 1731)
[ view plain ]
| 000 -LEADER | |
|---|---|
| fixed length control field | 01132cam a22003011 4500 |
| 001 - CONTROL NUMBER | |
| control field | 1731 |
| 003 - CONTROL NUMBER IDENTIFIER | |
| rucl marc code | BD-RjUL |
| 005 - DATE AND TIME OF LATEST TRANSACTION | |
| control field | 20211208233411.0 |
| 008 - FIXED-LENGTH DATA ELEMENTS--GENERAL INFORMATION | |
| fixed length control field | 131209s1962 nyua b 001 0 eng |
| 035 ## - SYSTEM CONTROL NUMBER | |
| System control number | (BD-RjUL)1758 |
| 040 ## - CATALOGING SOURCE | |
| Original cataloging agency | DLC |
| Transcribing agency | DLC |
| Modifying agency | DLC |
| -- | BD-RjUL |
| Language of cataloging | eng |
| 041 ## - LANGUAGE CODE | |
| Language code of text/sound track or separate title | eng |
| 082 00 - DEWEY DECIMAL CLASSIFICATION NUMBER | |
| Classification number | 301.15 |
| Edition number | 16 |
| Author mark and year | KRI 1962 |
| 100 1# - MAIN ENTRY--PERSONAL NAME | |
| Personal name | Krech, David. |
| 9 (RLIN) | 5729 |
| 245 10 - TITLE STATEMENT | |
| Title | Individual in society : |
| Remainder of title | A textbook of social psychology / |
| Statement of responsibility, etc. | David Krech, Richard S. Crutchfield, and Egerton L. Ballachey. |
| 260 ## - PUBLICATION, DISTRIBUTION, ETC. (IMPRINT) | |
| Place of publication, distribution, etc. | New York : |
| Name of publisher, distributor, etc. | McGraw-Hill , |
| Date of publication, distribution, etc. | c1962. |
| 300 ## - PHYSICAL DESCRIPTION | |
| Pagination | 564 p. : |
| Illustrations | illus. ; |
| Size | 24 cm. |
| 500 ## - GENERAL NOTE | |
| General note | Published in 1948 under title: Theory and problems of social psychology. |
| 504 ## - BIBLIOGRAPHY, ETC. NOTE | |
| Bibliography, etc | Includes bibliographical references and index. |
| 650 #0 - SUBJECT ADDED ENTRY--TOPICAL TERM | |
| Topical term or geographic name as entry element | Social psychology. |
| 9 (RLIN) | 5730 |
| 700 ## - ADDED ENTRY--PERSONAL NAME | |
| Personal name | Crutchfield, Richard S. |
| Personal name | Ballachey, Egerton L. |
| 856 ## - ELECTRONIC LOCATION AND ACCESS | |
| Uniform Resource Identifier | <a href="http://www.worldcat.org/title/individual-in-society-a-textbook-of-social-psychology/oclc/255072&referer=brief_results">http://www.worldcat.org/title/individual-in-society-a-textbook-of-social-psychology/oclc/255072&referer=brief_results</a> |
| 942 ## - ADDED ENTRY ELEMENTS (KOHA) | |
| Source of classification or shelving scheme | Dewey Decimal Classification |
| Koha item type | Books |
| Lost status | Source of classification or shelving scheme | Damaged status | Not for loan | Collection code | Permanent Location | Current Location | Date acquired | Source of acquisition | Cost, normal purchase price | Total Checkouts | Full call number | Date last seen | Copy number | Koha item type | Shelving location | Date checked out |
|---|---|---|---|---|---|---|---|---|---|---|---|---|---|---|---|---|
| Dewey Decimal Classification | Non-fiction | Central Library, University of Rajshahi | Central Library, University of Rajshahi | 04/12/1975 | Gonathan & co. | 6.60 | 301.15 KRI 1962 | 09/12/2013 | C-2 | Books | ||||||
| Dewey Decimal Classification | Non-fiction | Central Library, University of Rajshahi | Central Library, University of Rajshahi | 24/11/1975 | Gonathan & Co. | 6.60 | 1 | 301.15 KRI 1962 | 02/05/2019 | C-10 | Books | 29/04/2019 | ||||
| Dewey Decimal Classification | Non-fiction | Central Library, University of Rajshahi | Central Library, University of Rajshahi | 04/12/1975 | Gonathon Were & Co. | 6.10 | 1 | 301.15 KRI 1962 | 29/01/2025 | C-9 | Books | 14/01/2025 | ||||
| Dewey Decimal Classification | Non-fiction | Central Library, University of Rajshahi | Central Library, University of Rajshahi | 28/12/1968 | Zeitlinger | 52.00 | 301.15 KRI 1962 | 08/05/2014 | C-5 | Books | ||||||
| Dewey Decimal Classification | Non-fiction | Central Library, University of Rajshahi | Central Library, University of Rajshahi | 28/12/1968 | Zitlinger | 52.00 | 301.15 KRI 1962 | 12/05/2014 | C-7 | Books | ||||||
| Dewey Decimal Classification | Non-fiction | Central Library, University of Rajshahi | Central Library, University of Rajshahi | 22/04/1966 | S.M. Miraza | 20.00 | 2 | 301.15 KRI 1962 | 06/05/2019 | C-4 | Books | 24/04/2019 | ||||
| Dewey Decimal Classification | Non-fiction | Central Library, University of Rajshahi | Central Library, University of Rajshahi | 22/04/1966 | S.M. Miraza | 20.00 | 1 | 301.15 KRI 1962 | 16/07/2018 | C-6 | Books | 10/07/2018 | ||||
| Dewey Decimal Classification | Not For Loan | Non-fiction | Central Library, University of Rajshahi | Central Library, University of Rajshahi | 17/02/1955 | Warsi Buc, Dacca. | 5.50 | 301.15 KRI 1962 | 15/05/2014 | C-1 | Books | Reading Room | ||||
| Dewey Decimal Classification | Non-fiction | Central Library, University of Rajshahi | Central Library, University of Rajshahi | 24/11/1975 | Jonathan wren & Com., London. | 6.10 | 1 | 301.15 KRI 1962 | 26/10/2016 | C-3 | Books | 04/10/2016 | ||||
| Dewey Decimal Classification | Non-fiction | Central Library, University of Rajshahi | Central Library, University of Rajshahi | 02/03/1975 | JAPAN FOUNDATION | 301.15 KRI 1962 | 19/06/2014 | C-8 | Books |